000 00295nam a2200109Ia 4500
008 180219s9999 xx 000 0 und d
020 _a9715843905
100 _aCarl, Andreas
245 _aNCLEX-RN made ridiculously simple /
260 _aMiami :
_bMedmaster Inc
_c2000
300 _aiii, 379 pages
999 _c355964
_d355964